Zelda Echoes of Wisdom - échos - Statistiques

Statistiques générales
  • Ce quiz a été pris 21 fois
  • Le résultat moyen est 47 sur 133
Statistiques - réponses
Par images Réponse % Correct
Rocher
95%
Table
95%
Boule de neige
89%
Pot
89%
Caisse en bois
84%
Carotte
84%
Nuage
84%
Statue de chat
84%
Pierre
79%
Poisson grillé
79%
Statue d'éléphant
79%
Statue de serpent
79%
Lit de Zelda
74%
Viande
74%
Gibdo
63%
Gibdo niv.2
63%
Sorcier de feu
63%
Trampoline
63%
Chauve-souris
58%
Lézalfos
58%
Lézalfos niv.2
58%
Lézalfos niv.3
58%
Lynel
58%
Pancarte
58%
Peluche
58%
Sorcier de glace
58%
Bloc de glace
53%
Chauve-souris de feu
53%
Chauve-souris de glace
53%
Cube d'eau
53%
Pot Gerudo
53%
Vieux lit
53%
Darknut
47%
Darknut niv.2
47%
Darknut niv.3
47%
Lit moelleux
47%
Octorok
47%
Souffleur
47%
Chauve-souris électrique
42%
Effroi
42%
Moblin à lance
42%
Moblin à lance niv.2
42%
Octofeu
42%
Octoglace
42%
Oursin
42%
Sorcier électrique
42%
Zol
42%
Baba mojo
37%
Baba mojo niv.2
37%
Feu d'artifice
37%
Flambeau
37%
Hydrozol
37%
Moblin à épée
37%
Moblin à épée niv.2
37%
Moblin à épée niv.3
37%
Statue de faucon
37%
Armos
32%
Dalle volante
32%
Esprit
32%
Gigot de caillasse
32%
Mite
32%
Mite niv.2
32%
Bébé Gohma
26%
Ghini
26%
Ghini niv.2
26%
Grouilleur
26%
Lumizol
26%
Nid de Grouilleurs
26%
Piranha
26%
Piranha des sables
26%
Pot du château d'Hyrule
26%
Wolfos
26%
Baba mojo aquatique
21%
Batros
21%
Baudry
21%
Baudry niv.2
21%
Biri
21%
Moa
21%
Morquin
21%
Nitropoisson
21%
Orbe ancestral
21%
Porblin à boomerang
21%
Porblin à boomerang niv.2
21%
Rafalou
21%
Rebondatou
21%
Rebondatou niv.2
21%
Roche de lave
21%
Rondin à épines
21%
Soldat à fléau
21%
Spectre gluant
21%
Wolfos blanc
21%
Anémone géante
16%
Araknon
16%
Araknon niv.2
16%
Aruroda
16%
Batraffut
16%
Batraverse
16%
Feu visqueux
16%
Glace visqueuse
16%
Goompi
16%
Gyrolame
16%
Heiji
16%
Leever
16%
Malhomme de neige
16%
Mégablam
16%
Minirok
16%
Murtula
16%
Orbe du souffle
16%
Peahat
16%
Pierce
16%
Piquellule
16%
Plante décorative
16%
Porblin à massue
16%
Porblin à massue niv.2
16%
Rameutos
16%
Rope
16%
Sentinelle
16%
Soitula
16%
Tehl
16%
Toukor
16%
Trouilleur
16%
Woompi
16%
Araknofusée
11%
Babaroïde
11%
Buzz-blob
11%
Colèrok
11%
Corboss
11%
Freezard
11%
Octobot
11%
Orbos
11%
Shogublin
11%
Spark
11%
Synthétizol
11%
Aucun quiz correspondant
Distribution des résultats
% des personnes avec chaque résultat
Percentile par nombre de réponses
Votre historique - résultats
Vous n’avez pas pris ce quiz